[Event "Albox op"]
[Site "Albox"]
[Date "2002.07.25"]
[Round "6.9"]
[White "Vella Ramirez, Alfonso"]
[Black "Moreno Tejera, Emilio"]
[Result "1/2-1/2"]
[WhiteElo "2157"]
[BlackElo "2365"]
[PlyCount "116"]
[EventDate "2002.07.??"]

1. e4 c5 2. Nc3 Nc6 3. g3 g6 4. Bg2 Bg7 5. d3 Nf6 6. h3 d6 7. Be3 Qb6 8. Rb1
O-O 9. Qd2 Nd4 10. Nce2 e5 11. c3 Nxe2 12. Nxe2 Qa6 13. a3 Be6 14. O-O d5 15.
Bxc5 Rfd8 16. Be7 dxe4 17. Bxd8 Rxd8 18. d4 Qd3 19. Rfd1 Qxd2 20. Rxd2 Bh6 21.
Rdd1 Bb3 22. Re1 Bd2 23. dxe5 Bxe1 24. Rxe1 Nd7 25. Nd4 Bd5 26. e6 Nc5 27.
exf7+ Kxf7 28. Re3 Kf6 29. Kf1 Bc4+ 30. Kg1 Bd5 31. h4 Rc8 32. Nb5 Na4 33. Nd6
Rd8 34. Nxe4+ Bxe4 35. Bxe4 Nxb2 36. Bxb7 Nc4 37. Rf3+ Kg7 38. a4 Rd1+ 39. Kg2
Ra1 40. Bd5 Rxa4 41. Rf7+ Kh8 42. Rf4 Nb6 43. Rxa4 Nxa4 44. c4 Nb6 45. Be6 Kg7
46. c5 Na8 47. Kf3 Kf6 48. Bg8 h6 49. Ke4 Nc7 50. g4 g5 51. hxg5+ hxg5 52. f4
gxf4 53. Kxf4 a5 54. Bb3 a4 55. g5+ Ke7 56. Bxa4 Ne6+ 57. Kf5 Nxc5 58. Bc2 Kf7
1/2-1/2

[Event "Albox op"]
[Site "Albox"]
[Date "2002.07.25"]
[Round "6.10"]
[White "Amate Tortosa, Bernardo"]
[Black "Rodriguez Boado, Martin"]
[Result "0-1"]
[WhiteElo "2246"]
[BlackElo "2183"]
[PlyCount "52"]
[EventDate "2002.07.??"]

1. e4 Nf6 2. e5 Nd5 3. d4 d6 4. c4 Nb6 5. f4 Bf5 6. Nf3 e6 7. Be3 dxe5 8. fxe5
Bb4+ 9. Nc3 c5 10. a3 Bxc3+ 11. bxc3 Nc6 12. Qb3 O-O 13. Qb5 a6 14. Qb2 Na5 15.
Nd2 Rc8 16. Rc1 Na4 17. Qa1 f6 18. exf6 Qxf6 19. Be2 Qg6 20. Nf3 Nb3 21. Qa2
Nxc1 22. Bxc1 Nxc3 23. Qd2 Qxg2 24. Rg1 Qxe2+ 25. Qxe2 Nxe2 26. Kxe2 cxd4 0-1

[Event "Albox op"]
[Site "Albox"]
[Date "2002.07.25"]
[Round "6.11"]
[White "Jimenez Villena, Francisco J"]
[Black "Gavilan Diaz, Mario"]
[Result "1-0"]
[WhiteElo "2219"]
[BlackElo "1995"]
[PlyCount "43"]
[EventDate "2002.07.??"]

1. d4 Nf6 2. Nf3 c5 3. e3 g6 4. Bd3 Bg7 5. O-O O-O 6. c3 d5 7. Nbd2 Nc6 8. dxc5
Nd7 9. Nb3 f5 10. c4 Nf6 11. Qe2 e6 12. cxd5 exd5 13. Rd1 Qe7 14. Nfd4 Ne5 15.
Bd2 Ne4 16. Rac1 Qh4 17. Be1 Qh6 18. c6 b6 19. Ba6 g5 20. Bb7 Rb8 21. Qb5 f4
22. Qxd5+ 1-0

[Event "Albox op"]
[Site "Albox"]
[Date "2002.07.25"]
[Round "7.1"]
[White "Rustemov, Alexander"]
[Black "Lalic, Bodgan"]
[Result "1/2-1/2"]
[WhiteElo "2598"]
[BlackElo "2540"]
[PlyCount "20"]
[EventDate "2002.07.??"]

1. d4 Nf6 2. c4 g6 3. Nf3 Bg7 4. Nc3 d5 5. Bg5 Ne4 6. Bh4 Nxc3 7. bxc3 c5 8.
cxd5 Qxd5 9. e3 cxd4 10. cxd4 Nc6 1/2-1/2

[Event "Albox op"]
[Site "Albox"]
[Date "2002.07.25"]
[Round "7.2"]
[White "Perez Candelario, Manuel"]
[Black "Suba, Mihai"]
[Result "0-1"]
[WhiteElo "2408"]
[BlackElo "2507"]
[PlyCount "68"]
[EventDate "2002.07.??"]

1. e4 Nf6 2. e5 Nd5 3. d4 d6 4. c4 Nb6 5. exd6 exd6 6. Nc3 Be7 7. Qf3 N8d7 8.
Bd3 O-O 9. Nge2 Nf6 10. h3 c6 11. b3 Re8 12. Be3 d5 13. c5 Nbd7 14. g4 Bxc5 15.
g5 Ne4 16. Nxe4 dxe4 17. Bxe4 Bb4+ 18. Kf1 Qe7 19. Ng3 Nf8 20. h4 Bd6 21. Bf4
Be6 22. h5 Bxf4 23. Qxf4 Rad8 24. h6 g6 25. Qe5 f6 26. gxf6 Qf7 27. Qg5 Bd5 28.
Re1 Re6 29. Rh4 Rxf6 30. Kg1 Ne6 31. Qe3 Nf4 32. Bxd5 Nxd5 33. Qg5 Rf8 34. Ne4
Rxf2 0-1

[Event "Albox op"]
[Site "Albox"]
[Date "2002.07.25"]
[Round "7.3"]
[White "Dziuba, Marcin"]
[Black "Sulypa, Alexandre"]
[Result "1/2-1/2"]
[WhiteElo "2454"]
[BlackElo "2505"]
[PlyCount "28"]
[EventDate "2002.07.??"]

1. d4 d5 2. c4 c6 3. Nc3 Nf6 4. cxd5 cxd5 5. Nf3 Nc6 6. Bf4 Bf5 7. e3 e6 8. Bd3
Bxd3 9. Qxd3 Bd6 10. Bxd6 Qxd6 11. O-O O-O 12. Rac1 Rfc8 13. a3 a6 14. Na4 Nd7
1/2-1/2

[Event "Albox op"]
[Site "Albox"]
[Date "2002.07.25"]
[Round "7.4"]
[White "Movsziszian, Karen"]
[Black "Rivas Pastor, Manuel"]
[Result "1-0"]
[WhiteElo "2494"]
[BlackElo "2417"]
[PlyCount "67"]
[EventDate "2002.07.??"]

1. g3 d5 2. Bg2 c6 3. Nf3 Bg4 4. O-O e6 5. d3 Nf6 6. Nbd2 Bc5 7. e4 O-O 8. Qe1
h6 9. Nb3 Bb6 10. a4 Na6 11. a5 Bc7 12. h3 Bxf3 13. Bxf3 e5 14. Bg2 Re8 15. Qe2
Qd6 16. Be3 Qb4 17. Qf3 Re6 18. h4 dxe4 19. dxe4 c5 20. Rfb1 Rd8 21. Nd2 Qb5
22. Bf1 Qc6 23. Bh3 Ree8 24. c3 c4 25. Bf1 Nc5 26. Nxc4 Nfxe4 27. Na3 a6 28.
Bg2 Qg6 29. h5 Qh7 30. b4 Nxc3 31. bxc5 e4 32. Qg4 Nxb1 33. Rxb1 Bxa5 34. Nc4
1-0

[Event "Albox op"]
[Site "Albox"]
[Date "2002.07.25"]
[Round "7.5"]
[White "Komljenovic, Davor"]
[Black "Jimenez Villena, Francisco J"]
[Result "1-0"]
[WhiteElo "2459"]
[BlackElo "2219"]
[PlyCount "64"]
[EventDate "2002.07.??"]

1. Nf3 d5 2. c4 e6 3. g3 Nf6 4. Bg2 Be7 5. O-O O-O 6. d4 b6 7. cxd5 exd5 8. Qc2
Bb7 9. Bf4 c5 10. dxc5 bxc5 11. Ne5 Nc6 12. Nxc6 Bxc6 13. Nc3 Qb6 14. Rfd1 Rfd8
15. Bg5 Rab8 16. Bxf6 Bxf6 17. Nxd5 Bxd5 18. Bxd5 Qxb2 19. Qc4 Qxa1 20. Rxa1
Bxa1 21. Bxf7+ Kh8 22. Qxc5 Bd4 23. Qh5 Rf8 24. e3 Bb6 25. Bg6 h6 26. g4 Rbd8
27. g5 Rd2 28. Bf7 Rd7 29. Be6 Rd2 30. Bf7 Rd7 31. Bc4 Rd6 32. h4 Ba5 1-0

[Event "Albox op"]
[Site "Albox"]
[Date "2002.07.25"]
[Round "7.6"]
[White "Hernando Rodrigo, Jose M"]
[Black "Perez, Rodney"]
[Result "1/2-1/2"]
[WhiteElo "2393"]
[BlackElo "2435"]
[PlyCount "44"]
[EventDate "2002.07.??"]

1. d4 d5 2. c4 c6 3. Nc3 Nf6 4. e3 e6 5. Nf3 Nbd7 6. Bd3 Bd6 7. O-O O-O 8. e4
dxe4 9. Nxe4 Nxe4 10. Bxe4 h6 11. Bc2 e5 12. Qd3 f5 13. c5 Bc7 14. dxe5 Nxe5
15. Qb3+ Kh8 16. Re1 Qf6 17. Bf4 Nxf3+ 18. Qxf3 Bxf4 19. Qxf4 Qxb2 20. Bb3 Bd7
21. Rad1 Be8 22. Re6 Bf7 1/2-1/2

[Event "Albox op"]
[Site "Albox"]
[Date "2002.07.25"]
[Round "7.7"]
[White "Perez, Luis Manuel"]
[Black "Saldano, Horacio"]
[Result "0-1"]
[WhiteElo "2384"]
[BlackElo "2421"]
[PlyCount "96"]
[EventDate "2002.07.??"]

1. e4 d6 2. d4 Nf6 3. Nc3 g6 4. Be3 c6 5. Qd2 Nbd7 6. f3 b5 7. g4 Nb6 8. a4 b4
9. Nd1 a5 10. g5 Nfd7 11. h4 Bg7 12. h5 Rg8 13. Nf2 c5 14. hxg6 hxg6 15. Rh7
Qc7 16. c3 Ba6 17. Bxa6 Rxa6 18. Qd3 Ra8 19. Ng4 Nf8 20. Rh3 Ne6 21. Qb5+ Nd7
22. Rc1 bxc3 23. bxc3 Rb8 24. Qc4 Nb6 25. Qb5+ Qd7 26. d5 Qxb5 27. axb5 Nc7 28.
c4 a4 29. Rh2 a3 30. Ra2 Ra8 31. Ke2 Bb2 32. Rc2 Ra4 33. Kd3 Rh8 34. Nh6 Rb4
35. Ne2 Na4 36. Nc1 Na8 37. Bd2 N8b6 38. Bxb4 cxb4 39. Nb3 Kd7 40. f4 f6 41. c5
dxc5 42. Rxc5 fxg5 43. fxg5 Rf8 44. e5 Nxc5+ 45. Nxc5+ Kc8 46. d6 exd6 47. exd6
Rf3+ 48. Ke4 Rc3 0-1

[Event "Albox op"]
[Site "Albox"]
[Date "2002.07.25"]
[Round "7.8"]
[White "Rodriguez Boado, Martin"]
[Black "Ibarra Jerez, Jose Carlos"]
[Result "0-1"]
[WhiteElo "2183"]
[BlackElo "2368"]
[PlyCount "56"]
[EventDate "2002.07.??"]

{Partida Candidata al Premio de Belleza Jaan Eslon y David Garcia Ilundain} 1.
e4 e6 2. d4 d5 3. e5 c5 4. c3 Qb6 5. Nf3 Nc6 6. a3 Nh6 7. b4 cxd4 8. cxd4 Nf5
9. Bb2 Bd7 10. g4 Nfe7 11. Nc3 Na5 12. Na4 Qc6 13. b5 Qc7 14. Rc1 Nc4 15. Qb3
Qa5+ 16. Nc3 Nxb2 17. Qxb2 Ng6 18. Ra1 Rc8 19. Kd2 Be7 20. Bd3 O-O 21. g5 Nh4
22. Nxh4 Bxg5+ 23. f4 Bxf4+ 24. Kc2 Qa4+ 25. Qb3 Rxc3+ 26. Kxc3 Rc8+ 27. Kb2
Qxd4+ 28. Kb1 Rc3 0-1

[Event "Albox op"]
[Site "Albox"]
[Date "2002.07.25"]
[Round "7.9"]
[White "Moreno Tejera, Emilio"]
[Black "Fernandez Rodriguez, Ramon"]
[Result "1/2-1/2"]
[WhiteElo "2365"]
[BlackElo "2025"]
[Annotator "Fernandez Rodriguez, Ramon"]
[PlyCount "102"]
[EventDate "2002.07.??"]

1. e4 e5 2. Nf3 Nc6 3. d4 exd4 4. Bc4 Nf6 5. e5 d5 6. Bb5 Ne4 7. Nxd4 Bd7 8.
Bxc6 bxc6 9. O-O c5 10. Nb3 c6 11. Be3 c4 12. N3d2 Nxd2 13. Qxd2 Be7 14. b3
cxb3 15. cxb3 O-O 16. Nc3 Qa5 17. Qc2 Bb4 18. Na4 Rac8 19. a3 Be7 20. b4 Qc7
21. Rfe1 Rfe8 22. Bd4 Bf8 23. f4 g6 24. Rac1 Bf5 25. Qf2 a6 26. Rc3 f6 27. Nb6
Rcd8 28. Rec1 Re6 29. exf6 Bh6 30. Qh4 Qxf4 31. Qxf4 (31. f7+ Kxf7 32. Qxd8
Qxd4+ 33. Kh1 Qf2 $19) 31... Bxf4 32. Rf1 Bd2 33. Rcf3 Kf7 34. Ba1 $4 $19 Be3+
35. Rxe3 Rxe3 36. Na4 Rxa3 37. Nc5 d4 38. Nb7 Rd5 39. Na5 Bd7 40. Nc4 Ra2 41.
Rd1 Kxf6 42. Nb6 Rd6 43. Nc4 Rd5 44. Nb6 Rd6 45. Nc4 Re6 46. Bxd4+ Kf5 47. Bc5
g5 $2 $17 (47... Be8 $19) 48. Ne3+ Rxe3 49. Bxe3 Be6 50. Rf1+ Kg6 51. Rf2 Ra1+
1/2-1/2

[Event "Albox op"]
[Site "Albox"]
[Date "2002.07.25"]
[Round "7.10"]
[White "Sanchez Jerez, Emilio"]
[Black "Granero Roca, Antonio"]
[Result "0-1"]
[WhiteElo "2072"]
[BlackElo "2351"]
[PlyCount "92"]
[EventDate "2002.07.??"]

1. e4 c5 2. c3 Nf6 3. e5 Nd5 4. d4 cxd4 5. cxd4 d6 6. Nf3 Nc6 7. Bc4 Nb6 8. Bb3
d5 9. Nc3 Bg4 10. Be3 e6 11. O-O Be7 12. Bc2 Rc8 13. Qe2 Nc4 14. Bd3 O-O 15.
Rfd1 Qa5 16. Bxc4 dxc4 17. h3 Bh5 18. g4 Bg6 19. Qxc4 Nxe5 20. Qe2 Nc4 21. Rac1
Rfd8 22. d5 exd5 23. Bxa7 Bf8 24. Be3 b5 25. Nxd5 Qxa2 26. Nf4 Re8 27. Ra1 Qxb2
28. Qxb2 Nxb2 29. Rd5 b4 30. Nxg6 hxg6 31. Rb1 Nc4 32. Bd4 Re2 33. Rb5 Na3 34.
R1xb4 Bxb4 35. Rxb4 Nc2 36. Ra4 Nxd4 37. Rxd4 f6 38. Rf4 g5 39. Rf5 Rc4 40. Kg2
Ra2 41. Kg3 Rc3 42. Kg2 Kh7 43. Nh2 Kg6 44. Nf1 Kf7 45. Ng3 Rc4 46. Rf3 Rf4 0-1

[Event "Albox op"]
[Site "Albox"]
[Date "2002.07.25"]
[Round "7.11"]
[White "Alonso Martinez, Tomas"]
[Black "Vella Ramirez, Alfonso"]
[Result "1-0"]
[WhiteElo "2213"]
[BlackElo "2157"]
[PlyCount "97"]
[EventDate "2002.07.??"]

1. c4 f5 2. Nc3 Nf6 3. g3 g6 4. Bg2 Bg7 5. e3 d6 6. Nge2 O-O 7. O-O c6 8. Rb1
e5 9. d3 Be6 10. b3 Na6 11. d4 Nc7 12. dxe5 dxe5 13. Ba3 Rf7 14. Qc2 Qe8 15.
Rbd1 Rd8 16. Bd6 Bc8 17. Rd2 Bf8 18. Rfd1 Rxd6 19. Rxd6 Bxd6 20. Rxd6 Rd7 21.
Rxf6 Qd8 22. Rxc6 bxc6 23. Bxc6 Rd6 24. Bg2 Be6 25. Qc1 Bf7 26. h4 g5 27. hxg5
Qxg5 28. Qa3 Rh6 29. Qxa7 Qd8 30. Qc5 Ne6 31. Qd5 Qf6 32. Qa8+ Kg7 33. Nd5 Qg6
34. Qb8 Qg4 35. Qxe5+ Kf8 36. f3 Qh5 37. Kf2 Ng5 38. Ng1 Bxd5 39. cxd5 Nf7 40.
Qb8+ Kg7 41. Nh3 Qg6 42. Qb4 Qa6 43. a4 Rb6 44. Qc3+ Kf8 45. Nf4 Qb7 46. Ne6+
Ke7 47. f4 Kd6 48. Qc5+ Kd7 49. Qf8 1-0

[Event "Albox op"]
[Site "Albox"]
[Date "2002.07.25"]
[Round "7.12"]
[White "Garcia Mendoza, Francisco"]
[Black "Amate Tortosa, Bernardo"]
[Result "1-0"]
[WhiteElo "1912"]
[BlackElo "2246"]
[PlyCount "77"]
[EventDate "2002.07.??"]

1. e4 c5 2. Nf3 d6 3. d4 cxd4 4. Nxd4 Nf6 5. Nc3 a6 6. f3 e5 7. Nb3 Be6 8. Be3
Nbd7 9. g4 b5 10. g5 b4 11. Ne2 Nh5 12. Qd2 a5 13. f4 exf4 14. Nxf4 Qxg5 15.
O-O-O Qe5 16. Nd4 Nxf4 17. Bxf4 Qc5 18. Nb5 Ne5 19. Nxd6+ Bxd6 20. Qxd6 Rc8 21.
Qxc5 Rxc5 22. Be3 Rc8 23. Bb5+ Ke7 24. Bb6 Nc4 25. Bd4 f6 26. Rhg1 Kf7 27. Ba6
Rc7 28. h4 a4 29. Rg3 Rb8 30. Kb1 Rd8 31. Rdg1 Kf8 32. c3 Nd2+ 33. Ka1 bxc3 34.
Bxc3 Nxe4 35. Bb4+ Ke8 36. Bb5+ Bd7 37. Rxg7 Bxb5 38. Rxc7 Ng3 39. Re7+ 1-0

[Event "Albox op"]
[Site "Albox"]
[Date "2002.07.25"]
[Round "7.13"]
[White "Agullo Sanchez, Vicente"]
[Black "Gomez Gomez, Salvador"]
[Result "0-1"]
[WhiteElo "1891"]
[BlackElo "2186"]
[PlyCount "94"]
[EventDate "2002.07.??"]

1. c4 e5 2. Nc3 Nf6 3. g3 d5 4. cxd5 Nxd5 5. Bg2 Nb6 6. Nf3 Nc6 7. O-O Be7 8.
a3 a5 9. d3 O-O 10. Be3 Be6 11. Rc1 Nd5 12. Bd2 f6 13. Nb5 Rf7 14. Qc2 Bf8 15.
d4 exd4 16. Nfxd4 Nxd4 17. Nxd4 Bc8 18. e4 Nb6 19. Be3 Qe8 20. Rfe1 Kh8 21. Bf4
c6 22. Qb3 Nd7 23. Ne6 a4 24. Qa2 Ne5 25. Ng5 Re7 26. Bxe5 fxe5 27. Qc4 Qh5 28.
h4 h6 29. Nf3 Bg4 30. Nh2 Be6 31. Qc3 Bb3 32. Bf3 Qe8 33. h5 Rd7 34. Ng4 Rd4
35. Ne3 Rad8 36. Qa5 Rd3 37. Kg2 Qe7 38. Ng4 Re8 39. Bd1 Qg5 40. Bxb3 Rxb3 41.
Qxa4 Rxb2 42. Ne3 Rd8 43. Rb1 Rxb1 44. Rxb1 Bc5 45. Rd1 Rf8 46. Nf5 Qxh5 47.
Rh1 Qe2 0-1

[Event "Albox op"]
[Site "Albox"]
[Date "2002.07.26"]
[Round "8.1"]
[White "Movsziszian, Karen"]
[Black "Rustemov, Alexander"]
[Result "1-0"]
[WhiteElo "2494"]
[BlackElo "2598"]
[PlyCount "128"]
[EventDate "2002.07.??"]

1. e4 e6 2. d3 d5 3. Nd2 Nf6 4. g3 Nc6 5. Ngf3 dxe4 6. dxe4 Bc5 7. Bg2 e5 8.
O-O O-O 9. c3 a5 10. Qe2 b6 11. Nc4 Ba6 12. b3 Ne8 13. Nh4 Nd6 14. Nf5 Nxc4 15.
bxc4 g6 16. Nh6+ Kh8 17. a4 Qe7 18. Rd1 Qe6 19. Bf1 Rad8 20. Rxd8 Nxd8 21. Ng4
f6 22. Ne3 Nb7 23. Nd5 Rf7 24. Be3 Bxe3 25. Qxe3 Nc5 26. h4 Kg7 27. h5 Qg4 28.
h6+ Kf8 29. f4 exf4 30. Nxf4 Re7 31. Nd5 Rf7 32. e5 Qe6 33. Re1 Qxe5 34. Qxe5
fxe5 35. Rxe5 Nxa4 36. Nf4 Nc5 37. Bg2 Rf6 38. Bd5 c6 39. Ne6+ Nxe6 40. Bxe6 c5
41. g4 Bb7 42. g5 Rf4 43. Bd5 Bxd5 44. cxd5 Rf7 45. Re6 Rb7 46. Rc6 Ke7 47. c4
a4 48. Re6+ Kd7 49. Rf6 Kc7 50. Rf7+ Kb8 51. Rf8+ Ka7 52. Kf2 Re7 53. d6 Rd7
54. Ke3 Kb7 55. Ke4 Rxd6 56. Rf7+ Ka6 57. Rxh7 Rd8 58. Rf7 Ra8 59. h7 Ka5 $4
60. Ra7+ Rxa7 61. h8=Q a3 62. Kd3 b5 63. Qb8 Rd7+ 64. Kc3 b4+ 1-0

[Event "Albox op"]
[Site "Albox"]
[Date "2002.07.26"]
[Round "8.3"]
[White "Saldano, Horacio"]
[Black "Dziuba, Marcin"]
[Result "1/2-1/2"]
[WhiteElo "2421"]
[BlackElo "2454"]
[PlyCount "34"]
[EventDate "2002.07.??"]

1. d4 Nf6 2. Nf3 g6 3. g3 Bg7 4. Bg2 O-O 5. O-O d6 6. a4 Nbd7 7. a5 a6 8. c3 e5
9. dxe5 dxe5 10. Nbd2 e4 11. Nd4 e3 12. fxe3 Ne5 13. N2f3 Qe7 14. Nxe5 Qxe5 15.
e4 Nxe4 16. Bf4 Qe7 17. Qd3 Nc5 1/2-1/2

[Event "Albox op"]
[Site "Albox"]
[Date "2002.07.26"]
[Round "8.4"]
[White "Lalic, Bodgan"]
[Black "Hernando Rodrigo, Jose M"]
[Result "1-0"]
[WhiteElo "2540"]
[BlackElo "2393"]
[PlyCount "85"]
[EventDate "2002.07.??"]

1. d4 Nf6 2. c4 c5 3. d5 b5 4. cxb5 a6 5. bxa6 Bxa6 6. Nc3 d6 7. Nf3 g6 8. g3
Bg7 9. Bg2 O-O 10. O-O Nbd7 11. Qc2 Qa5 12. Rd1 Rfb8 13. Rb1 Ne8 14. Bd2 Nc7
15. a4 Rb4 16. b3 Qb6 17. Na2 Bxe2 18. Nxb4 Bxd1 19. Rxd1 cxb4 20. Be3 Qb7 21.
Nd4 Nxd5 22. Nc6 Nxe3 23. Nxe7+ Kf8 24. fxe3 Qa7 25. Bxa8 Kxe7 26. Bd5 Be5 27.
Kf2 h5 28. Qc4 Nf6 29. Bf3 Qd7 30. Kg2 g5 31. a5 h4 32. a6 g4 33. Bd5 Qa7 34.
Kf2 Kf8 35. Bxf7 hxg3+ 36. hxg3 Bxg3+ 37. Ke2 Be5 38. Bg6 d5 39. Qxb4+ Kg7 40.
Bd3 Kh6 41. Qf8+ Kg5 42. Rh1 Ne4 43. Qh6+ 1-0

[Event "Albox op"]
[Site "Albox"]
[Date "2002.07.26"]
[Round "8.5"]
[White "Sulypa, Alexandre"]
[Black "Alonso Martinez, Tomas"]
[Result "1-0"]
[WhiteElo "2505"]
[BlackElo "2213"]
[PlyCount "85"]
[EventDate "2002.07.??"]

1. d4 Nf6 2. c4 g6 3. Nc3 Bg7 4. e4 d6 5. f3 O-O 6. Nge2 c5 7. d5 e6 8. Bg5 h6
9. Be3 exd5 10. cxd5 Re8 11. Qd2 h5 12. Nf4 a6 13. Rc1 Nbd7 14. Be2 Ne5 15. b3
b5 16. O-O Bd7 17. Kh1 Rc8 18. Nd1 Nh7 19. Nf2 f5 20. Ne6 Rxe6 21. dxe6 Bxe6
22. Rfd1 Nf7 23. exf5 Bxf5 24. Ne4 Bxe4 25. fxe4 Be5 26. Bf4 Qe7 27. Bxe5 Qxe5
28. Rf1 Nhg5 29. Qa5 Qxe4 30. Rcd1 Qc6 31. a4 c4 32. axb5 axb5 33. bxc4 bxc4
34. Qa7 Qc5 35. Qb7 Rc7 36. Qa8+ Rc8 37. Qb7 Rc7 38. Qb8+ Kg7 39. Bxc4 Ne5 40.
Ba2 Qa7 41. Qb3 Rf7 42. h4 Ng4 43. hxg5 1-0

[Event "Albox op"]
[Site "Albox"]
[Date "2002.07.26"]
[Round "8.6"]
[White "Perez, Rodney"]
[Black "Ibarra Jerez, Jose Carlos"]
[Result "1/2-1/2"]
[WhiteElo "2435"]
[BlackElo "2368"]
[PlyCount "39"]
[EventDate "2002.07.??"]

1. c4 Nf6 2. Nc3 g6 3. g3 Bg7 4. Bg2 d6 5. Nf3 O-O 6. O-O e5 7. d3 c5 8. Bg5 h6
9. Bxf6 Qxf6 10. Rb1 Nc6 11. a3 a5 12. Nd2 Qd8 13. Nd5 Be6 14. Re1 Kh7 15. Qb3
Ra7 16. Qb6 Qxb6 17. Nxb6 Ra6 18. Nd5 Bxd5 19. Bxd5 f5 20. Nf1 1/2-1/2

[Event "Albox op"]
[Site "Albox"]
[Date "2002.07.26"]
[Round "8.7"]
[White "Granero Roca, Antonio"]
[Black "Perez Candelario, Manuel"]
[Result "0-1"]
[WhiteElo "2351"]
[BlackElo "2408"]
[PlyCount "82"]
[EventDate "2002.07.??"]

1. d4 d5 2. c4 e6 3. Nc3 Nf6 4. Bg5 Nbd7 5. e3 c6 6. cxd5 exd5 7. Bd3 Be7 8.
Nge2 O-O 9. Qc2 Re8 10. O-O h6 11. Bh4 Nf8 12. f3 Ne6 13. Rad1 b6 14. Qa4 Bb7
15. Bb1 g6 16. a3 a5 17. Qc2 Rc8 18. Qd2 Ne4 19. fxe4 Bxh4 20. e5 Bg5 21. Nf4
c5 22. Nxe6 Rxe6 23. Qf2 Qe7 24. Bd3 Rf8 25. Qg3 h5 26. Rf3 Bh4 27. Qf4 Bg5 28.
Qg3 Bxe3+ 29. Rxe3 cxd4 30. Re2 dxc3 31. bxc3 Qc5+ 32. Kh1 Qxc3 33. Rf1 h4 34.
Qh3 Rxe5 35. Rxe5 Qxe5 36. Qxh4 d4 37. Re1 Qd6 38. h3 Kg7 39. Re7 Bc6 40. Qe1
Rh8 41. Kg1 Rh5 0-1

[Event "Albox op"]
[Site "Albox"]
[Date "2002.07.26"]
[Round "8.8"]
[White "Rivas Pastor, Manuel"]
[Black "Garcia Loro, Marcos J"]
[Result "1-0"]
[WhiteElo "2417"]
[BlackElo "2096"]
[PlyCount "57"]
[EventDate "2002.07.??"]

1. e4 Nf6 2. Nc3 d5 3. e5 d4 4. exf6 dxc3 5. fxg7 cxd2+ 6. Qxd2 Qxd2+ 7. Bxd2
Bxg7 8. O-O-O Be6 9. Ne2 Nd7 10. Bc3 Bxc3 11. Nxc3 O-O-O 12. Be2 Rhg8 13. g3
Nf6 14. Rhe1 h5 15. f3 c6 16. Bd3 Nd5 17. Nxd5 Rxd5 18. Re4 Rg6 19. Rde1 Rf6
20. Bc4 Rd6 21. Bxe6+ Rdxe6 22. Rxe6 fxe6 23. Re3 Kd7 24. Kd2 Rf5 25. Ke2 Rb5
26. Rb3 Rxb3 27. axb3 Kd6 28. h4 Ke5 29. g4 1-0

[Event "Albox op"]
[Site "Albox"]
[Date "2002.07.26"]
[Round "8.9"]
[White "Fernandez Rodriguez, Ramon"]
[Black "Perez, Luis Manuel"]
[Result "0-1"]
[WhiteElo "2025"]
[BlackElo "2384"]
[PlyCount "42"]
[EventDate "2002.07.??"]

1. b3 e5 2. Bb2 Nc6 3. e3 Nf6 4. f4 exf4 5. exf4 Bd6 6. Nh3 O-O 7. Be2 Qe7 8.
O-O Bc5+ 9. Kh1 d5 10. Ng5 Bf5 11. d4 Bxd4 12. Bxd4 Nxd4 13. Qxd4 Qxe2 14. Na3
Rfe8 15. Nf3 Qa6 16. Qb2 c5 17. c3 Re2 18. Qc1 Rae8 19. Ng1 R2e3 20. Nb1 Nh5
21. g3 Be4+ 0-1

[Event "Albox op"]
[Site "Albox"]
[Date "2002.07.26"]
[Round "8.10"]
[White "Jimenez Villena, Francisco J"]
[Black "Moreno Tejera, Emilio"]
[Result "0-1"]
[WhiteElo "2219"]
[BlackElo "2365"]
[PlyCount "66"]
[EventDate "2002.07.??"]

1. d4 d5 2. Nf3 e6 3. e3 Nf6 4. Bd3 c5 5. O-O Nbd7 6. c4 Be7 7. cxd5 exd5 8.
Nc3 O-O 9. b3 b6 10. Bb2 Bb7 11. Ne5 cxd4 12. exd4 Ne4 13. Ne2 Rc8 14. Ng3 f6
15. Nf3 f5 16. Ne5 Nxe5 17. dxe5 Bc5 18. b4 Nxg3 19. hxg3 Bxb4 20. Qh5 Qe8 21.
Qh4 Qe7 22. Qh3 Qg5 23. f4 Bc5+ 24. Kh2 Qe7 25. Bxf5 Rxf5 26. Qxf5 Rc6 27. Qg5
Rh6+ 28. Qxh6 gxh6 29. f5 Qg5 30. Rf4 Qh5+ 31. Rh4 Qxf5 32. e6 Qxe6 33. Rf1 Qe2
0-1

[Event "Albox op"]
[Site "Albox"]
[Date "2002.07.26"]
[Round "8.11"]
[White "Gomez Gomez, Salvador"]
[Black "Rodriguez Boado, Martin"]
[Result "1/2-1/2"]
[WhiteElo "2186"]
[BlackElo "2183"]
[PlyCount "71"]
[EventDate "2002.07.??"]

1. e4 Nf6 2. e5 Nd5 3. d4 d6 4. c4 Nb6 5. f4 dxe5 6. fxe5 Bf5 7. Nc3 e6 8. Nf3
Qd7 9. Be3 Nc6 10. Be2 Be7 11. O-O f6 12. Qd2 O-O-O 13. Rad1 fxe5 14. d5 Qe8
15. Qc1 Nd4 16. Nxd4 exd4 17. Bxd4 Qg6 18. Rf3 exd5 19. Rg3 Qe6 20. cxd5 Qd7
21. a4 Kb8 22. a5 Na4 23. Nb5 a6 24. d6 cxd6 25. Na3 Bf6 26. Nc4 Qb5 27. Qf4 g5
28. Qf2 Bxd4 29. Qxd4 h6 30. Rd2 Qc5 31. Nxd6 Rxd6 32. Qxc5 Nxc5 33. Rxd6 Ne4
34. Rb6 Nxg3 35. hxg3 Kc7 36. Bf3 {Ilegible} 1/2-1/2

[Event "Albox op"]
[Site "Albox"]
[Date "2002.07.26"]
[Round "8.12"]
[White "Vella Ramirez, Alfonso"]
[Black "Garcia Mendoza, Francisco"]
[Result "0-1"]
[WhiteElo "2157"]
[BlackElo "1912"]
[PlyCount "70"]
[EventDate "2002.07.??"]

1. e4 c5 2. Nc3 Nc6 3. g4 g6 4. Bg2 d6 5. d3 Bg7 6. Be3 e5 7. f3 h5 8. h3 Nd4
9. Nce2 hxg4 10. fxg4 Bxg4 11. hxg4 Rxh1 12. Bxh1 Qh4+ 13. Bf2 Qxh1 14. Nxd4
exd4 15. Qd2 Qg2 16. g5 f6 17. O-O-O Qxg5 18. Qxg5 fxg5 19. Nh3 Bh6 20. Bg3 g4+
21. Nf4 Kd7 22. Kb1 Bxf4 23. Bxf4 Nf6 24. b4 b6 25. Rg1 Ke6 26. bxc5 bxc5 27.
Bg5 Rh8 28. Kb2 Rh5 29. Bd2 Rh3 30. Bg5 g3 31. Kb3 Nh5 32. c3 dxc3 33. Kxc3 Ke5
34. Kc4 Rh2 35. a3 g2 0-1

[Event "Albox op"]
[Site "Albox"]
[Date "2002.07.26"]
[Round "8.14"]
[White "Lopez Perez, Jose Joaquin"]
[Black "Gavilan Diaz, Mario"]
[Result "0-1"]
[WhiteElo "2075"]
[BlackElo "1995"]
[PlyCount "94"]
[EventDate "2002.07.??"]

1. e4 e6 2. d4 d5 3. exd5 exd5 4. c4 Nf6 5. Nc3 c6 6. cxd5 Nxd5 7. Bc4 Nb6 8.
Bb3 Be7 9. Nf3 O-O 10. O-O Bg4 11. Be3 N8d7 12. h3 Bh5 13. g4 Bg6 14. d5 cxd5
15. Nxd5 Nxd5 16. Bxd5 Nf6 17. Bxb7 Rb8 18. Bc6 Rxb2 19. Qxd8 Rxd8 20. Bxa7 Rc8
21. Rac1 h6 22. Bd4 Rc2 23. Ne5 Rxc1 24. Rxc1 Be4 25. f3 Bd5 26. a4 Bd6 27.
Nxf7 Bf4 28. Nxh6+ Kh7 29. Rc5 Rxc6 30. Nf5 Rxc5 31. Bxc5 Bxf3 32. a5 Be2 33.
Kf2 Ba6 34. Kf3 Bc7 35. Bb4 Nd7 36. Bc3 g6 37. Ne3 Ne5+ 38. Ke4 Bb7+ 39. Nd5
Nd7 40. h4 Nc5+ 41. Kd4 Nb3+ 42. Kc4 Bxd5+ 43. Kxd5 Bxa5 44. Bf6 Bd2 45. Kc4
Na5+ 46. Kd3 Bc1 47. Ke4 Nc6 0-1

[Event "Albox op"]
[Site "Albox"]
[Date "2002.07.26"]
[Round "9.2"]
[White "Rustemov, Alexander"]
[Black "Sulypa, Alexandre"]
[Result "1-0"]
[WhiteElo "2598"]
[BlackElo "2505"]
[PlyCount "69"]
[EventDate "2002.07.??"]

1. d4 Nf6 2. Nf3 g6 3. c4 Bg7 4. g3 O-O 5. Bg2 d6 6. Nc3 Nc6 7. O-O a6 8. b3
Rb8 9. Nd5 Nd7 10. Bb2 e6 11. Ne3 b6 12. Qd2 Ne7 13. Rac1 a5 14. Nd1 Bb7 15.
Nc3 h6 16. e4 e5 17. Rfe1 Re8 18. Rcd1 Nc6 19. dxe5 Ncxe5 20. Nxe5 Nxe5 21. f4
Nd7 22. e5 Bxg2 23. Kxg2 Nc5 24. exd6 Rxe1 25. Rxe1 cxd6 26. Re2 Kh7 27. Nd5
Qh8 28. Bxg7 Qxg7 29. Qc3 Qxc3 30. Nxc3 Kg7 31. Kf3 h5 32. Rd2 Rd8 33. Nb5 Nb7
34. Ke4 Kf6 35. Kd5 1-0